| 000 | 00811nam a2200217 4500 | ||
|---|---|---|---|
| 001 | K121135 | ||
| 007 | ta | ||
| 008 | 191018b2019 ||||| |||| 00| 0 eng d | ||
| 041 | _aeng | ||
| 100 | _aBranson, Adam | ||
| 245 | _aReasons to be cheerful | ||
| 260 | _c2019 | ||
| 490 |
_aModus _vOctober 2019, 16-18(2) |
||
| 520 | _aInterviews with three experts Andrew Waller of Remit Consulting, Patrick Thomson, Centre for Aging Better and Julie Hirigoyen, UK Green Building Council looking at whether the fragile economy, new technologies, an aging workforce and climate issues are challenges or opportunities to grasp the initiative. | ||
| 650 | _aAGING WORKFORCE | ||
| 650 | _aCLIMATE CHANGE | ||
| 650 | _aPROPTECH | ||
| 651 | _aUnited Kingdom | ||
| 690 |
_96226 _aBusiness and management |
||
| 942 | _2ddc | ||
| 999 |
_c121135 _d121135 |
||